000 00628nam a2200265Ia 4500
005 20260324153551.0
008 008 260324s9999 xx 000 0 eng d
020 _a9780123735744
037 _aEBOOK
040 _aCRL
040 _beng
040 _cCRL
041 _2eng
041 _aeng
084 _qCRL
100 _aSalih Neftci
_91231772
245 0 _aPrinciples of Financial Engineering, 2nd edition
250 _a2
260 _bElsevier
260 _c2009
856 _uhttps://www.sciencedirect.com/science/book/9780123735744
942 _cEBOOK
999 _c1843403
_d1843403